Malik Montana - Adwokat Diabła - Statystyki

Ogólne statystyki
  • Ten quiz został rozwiązany 5 razy
  • Średni wynik to 10 z 38
Statystyki odpowiedzi
Adwokat Diabła % Poprawnych
Adwokat Diabła Intro
80%
Jetlag
80%
Cheese
60%
Dior
60%
krew za wine
60%
Ostre Pestki
60%
Buduje zamek
40%
Chodz
40%
Niedostępny
40%
outro/ślad
40%
Sashimi Freestyle
40%
Satisfy
40%
3 Telefony
20%
Bratan
20%
Brudasy With Attitude
20%
Click Clack Bang
20%
Czarno Biały Świat
20%
Die For Me
20%
Do Tanca
20%
Kosi Kosi
20%
Luci
20%
Na jedna karte
20%
OMDB
20%
One Take
20%
Pressure Makes Diamonds
20%
Rundki
20%
Spam
20%
Wjazd
20%
Ay Lala
0%
Glowy w Glowie
0%
Kickdown
0%
Lobby
0%
Matalo
0%
Mordo Wez
0%
Nigdy wiecej
0%
Psalm23
0%
Sukcesu Cena
0%
W Gore
0%
Nie znaleziono quizów pasujących do podanych kryteriów
Rozkład punktacji
Procent ludzi z każdym wynikiem
Percentyl według liczby udzielonych odpowiedzi
Twoja historia wyników
Nie rozwiązałeś tego quizu